[Event "II. CLANSKA LIGA ZAHOD 2023"]
[Site "Komenda"]
[Date "2023.11.25"]
[Round "6.1"]
[White "Zamar Kodelja, Jurij"]
[Black "Jukan, Nesib"]
[Result "1-0"]
[WhiteElo "2245"]
[BlackElo "1949"]
[PlyCount "49"]
[EventDate "2023.11.25"]
[WhiteTeam "SK NOVA GORICA"]
[BlackTeam "SK TRZIN"]

1. d4 Nf6 2. c4 e6 3. Nc3 Bb4 4. e3 O-O 5. Bd3 d5 6. a3 Bxc3+ 7. bxc3 c5 8.
cxd5 exd5 9. Ne2 b6 10. O-O Ba6 11. f3 Bxd3 12. Qxd3 Nc6 13. e4 dxe4 14. fxe4
Qe7 15. Ng3 cxd4 16. cxd4 Rad8 17. Bb2 Ne5 18. Qe2 Nc6 19. d5 Ne5 20. Nf5 Qc5+
21. Bd4 Qc4 22. Qxc4 Nxc4 23. Ne7+ Kh8 24. Rxf6 gxf6 25. Bxf6# 1-0

[Event "II. CLANSKA LIGA ZAHOD 2023"]
[Site "Komenda"]
[Date "2023.11.25"]
[Round "6.2"]
[White "Krumpak, Hinko"]
[Black "Herega, Nejc"]
[Result "0-1"]
[WhiteElo "2008"]
[BlackElo "2236"]
[PlyCount "74"]
[EventDate "2023.11.25"]
[WhiteTeam "SK TRZIN"]
[BlackTeam "SK NOVA GORICA"]

1. Nf3 Nf6 2. g3 g6 3. b3 d5 4. Bb2 Bg7 5. c4 O-O 6. Bg2 c5 7. cxd5 Qxd5 8. O-O
Qh5 9. Re1 Bh3 10. Bh1 Nc6 11. d3 Rac8 12. Nbd2 Rfd8 13. Rc1 b6 14. Rc4 g5 15.
Qa1 Be6 16. Ne4 Bxc4 17. Nxf6+ Bxf6 18. Bxf6 exf6 19. bxc4 Rd6 20. Bg2 Re8 21.
h3 f5 22. Kf1 Nd4 23. Nxd4 Rxd4 24. a4 g4 25. hxg4 fxg4 26. a5 Re6 27. axb6
axb6 28. Qa8+ Kg7 29. Rd1 Qf5 30. Qc8 Qe5 31. e3 Rdd6 32. Ke2 h5 33. Qa8 Rf6
34. Qa3 h4 35. gxh4 Qh2 36. Kf1 Rxf2+ 37. Kxf2 Rf6+ 0-1

[Event "II. CLANSKA LIGA ZAHOD 2023"]
[Site "Komenda"]
[Date "2023.11.25"]
[Round "6.3"]
[White "Gregoric, Andraz"]
[Black "Rojs, Igor"]
[Result "1-0"]
[WhiteElo "2171"]
[BlackElo "1909"]
[PlyCount "95"]
[EventDate "2023.11.25"]
[WhiteTeam "SK NOVA GORICA"]
[BlackTeam "SK TRZIN"]

1. e4 d6 2. d4 e5 3. Nf3 Nd7 4. Bc4 c6 5. O-O Be7 6. c3 b5 7. Bb3 Ngf6 8. a4
O-O 9. Qe2 a6 10. axb5 cxb5 11. Rd1 Qc7 12. Bc2 Bb7 13. d5 Rac8 14. h3 h6 15.
Nh4 Rfe8 16. Nf5 Bf8 17. Be3 Kh7 18. Qd2 Ng8 19. g4 g6 20. Ng3 Be7 21. Kg2 Bh4
22. Ne2 g5 23. Ng1 Ne7 24. Nf3 Ng6 25. Qe2 Nb6 26. Nbd2 Nc4 27. Nxc4 Qxc4 28.
Qxc4 Rxc4 29. Bd3 Rc7 30. Ra3 Rec8 {(=)} 31. Rda1 Kg7 32. Ne1 Nf4+ 33. Bxf4
gxf4 34. Nc2 Rb8 35. Nb4 Rcc8 36. Nxa6 Bxa6 37. Rxa6 Be7 38. Rc6 b4 39. cxb4
Kf8 40. Ba6 Rd8 41. b5 Rd7 42. Bc8 Rd8 43. Ba6 Rd7 44. Bc8 Rd8 45. b6 Rxb6 46.
Rxb6 Rxc8 47. Rb7 Rc2 48. Ra8+ 1-0

[Event "II. CLANSKA LIGA ZAHOD 2023"]
[Site "Komenda"]
[Date "2023.11.25"]
[Round "6.4"]
[White "Borisek, Anze"]
[Black "Markocic, Tine"]
[Result "0-1"]
[WhiteElo "1882"]
[BlackElo "2059"]
[PlyCount "112"]
[EventDate "2023.11.25"]
[WhiteTeam "SK TRZIN"]
[BlackTeam "SK NOVA GORICA"]

1. f4 c5 2. b3 b6 3. Nf3 Nf6 4. Bb2 e6 5. e3 Bb7 6. Be2 Be7 7. O-O O-O 8. Ne5
d6 9. Bf3 Qc7 10. Nc4 b5 11. Nca3 a6 12. c4 b4 13. Nc2 Nbd7 14. d3 d5 15. Nd2
Ne8 16. Qe2 Bf6 17. Bxf6 Ndxf6 18. Rac1 dxc4 19. bxc4 Bxf3 20. Qxf3 Rd8 21. d4
Qa5 22. a3 Qa4 23. axb4 cxb4 24. Na1 Nd6 25. Nab3 Rc8 26. Nc5 Qc6 27. Qxc6 Rxc6
28. Ra1 Rfc8 29. Rfb1 Nf5 30. Rb3 Rd8 31. Rxa6 Rxa6 32. Nxa6 Ng4 33. Nf1 Ra8
34. h3 Ngxe3 35. Nxe3 Nxe3 36. Rxe3 Rxa6 37. Rb3 Ra4 38. Kf2 Kf8 39. Ke3 Ra3
40. Rd3 Ke7 41. f5 b3 42. fxe6 fxe6 43. d5 exd5 44. cxd5 b2 45. Rxa3 b1=Q 46.
Rd3 Qg1+ 47. Kf4 Qxg2 48. Ke5 Qe2+ 49. Kd4 Qg2 50. Re3+ Kd7 51. Ke5 Qg5+ 52.
Kd4 Qf4+ 53. Re4 Qf2+ 54. Re3 Kd6 55. Ke4 g5 56. Rf3 Qg2 0-1

[Event "II. CLANSKA LIGA ZAHOD 2023"]
[Site "Komenda"]
[Date "2023.11.25"]
[Round "6.5"]
[White "Markocic, Spela"]
[Black "Leben, Dusan"]
[Result "1/2-1/2"]
[WhiteElo "1810"]
[BlackElo "1804"]
[PlyCount "60"]
[EventDate "2023.11.25"]
[WhiteTeam "SK NOVA GORICA"]
[BlackTeam "SK TRZIN"]

1. e4 e5 2. Nf3 Nf6 3. Nxe5 d6 4. Nf3 Nxe4 5. Nc3 Nf6 6. Bc4 Be7 7. O-O O-O 8.
d4 d5 9. Bd3 Bg4 10. Be2 c6 11. Ne5 Bxe2 12. Nxe2 Nbd7 13. Bf4 Re8 14. c3 Nf8
15. Bg3 Ne4 16. f3 Nxg3 17. Nxg3 Bd6 18. f4 Qc7 19. Qg4 f6 20. Nh5 Kh8 21. Nd3
Re3 22. Rf3 Rae8 23. Raf1 Qd7 24. f5 R8e4 25. Ndf4 Bxf4 26. Rxf4 Qe7 27. Qh4
Rxf4 28. Nxf4 Kg8 29. Nh5 Kh8 30. Nf4 Kg8 1/2-1/2

[Event "II. CLANSKA LIGA ZAHOD 2023"]
[Site "Komenda"]
[Date "2023.11.25"]
[Round "6.6"]
[White "Borstnik, Ales"]
[Black "Vicic, Mark"]
[Result "1/2-1/2"]
[WhiteElo "1799"]
[BlackElo "1734"]
[PlyCount "107"]
[EventDate "2023.11.25"]
[WhiteTeam "SK TRZIN"]
[BlackTeam "SK NOVA GORICA"]

1. e4 d5 2. exd5 Qxd5 3. Nc3 Qa5 4. d4 Nf6 5. Bd2 Bf5 6. Nf3 c6 7. Bc4 Qb6 8.
Bb3 e6 9. h3 h6 10. O-O Bd6 11. Re1 O-O 12. Qe2 a5 13. Rad1 Nbd7 14. Ne5 Qc7
15. a3 Nd5 16. Nc4 Be7 17. Ne3 Nxe3 18. Bxe3 Bd6 19. Qf3 Bh7 20. Rd2 Nb6 21.
Qg4 Bf5 22. Qf3 Bh7 23. Ne4 Nd5 24. Nxd6 Qxd6 25. Bxd5 exd5 26. Bf4 Qf6 27. Qg3
Rfe8 28. Rde2 Rxe2 29. Rxe2 Qxd4 30. Be5 Qd1+ 31. Kh2 Bg6 32. Re3 Qxc2 33. Rc3
Qf5 34. h4 Re8 35. Bd4 Re4 36. Bc5 Qf4 37. Qxf4 Rxf4 38. Kg3 Re4 39. Re3 Rxe3+
40. fxe3 Be4 41. Kf2 g5 42. Be7 g4 43. g3 h5 44. Ke2 f5 45. Bd6 Kf7 46. Kd2 Ke6
47. Bc7 a4 48. Kc3 c5 49. b4 axb3 50. Kxb3 Kd7 51. Be5 Kc6 52. Bf6 b5 53. Kc3
Kd6 54. Bg5 1/2-1/2

[Event "II. CLANSKA LIGA ZAHOD 2023"]
[Site "Komenda"]
[Date "2023.11.25"]
[Round "6.1"]
[White "Marchesich, Giovanni"]
[Black "Skoberne, Jure"]
[Result "1/2-1/2"]
[WhiteElo "2197"]
[BlackElo "2538"]
[PlyCount "116"]
[EventDate "2023.11.25"]
[WhiteTeam "SD PIRAN"]
[BlackTeam "SD POSOCJE"]

1. e4 c5 2. Nf3 Nc6 3. d4 cxd4 4. Nxd4 e5 5. Nb5 d6 6. N1c3 a6 7. Na3 b5 8. Nd5
Nge7 9. Bd3 Nxd5 10. exd5 Nd4 11. c3 Nf5 12. O-O g6 13. Nc2 Bd7 14. f4 Bg7 15.
Qf3 O-O 16. Kh1 a5 17. g4 Nh4 18. Qg3 e4 19. Be2 b4 20. Nd4 Rc8 21. f5 Re8 22.
f6 Bxf6 23. Qf2 Bg7 24. Qxf7+ Kh8 25. Ne6 Bxe6 26. dxe6 Nf3 27. Bxf3 exf3 28.
Bd2 Qh4 29. Qxf3 bxc3 30. Bxc3 Bxc3 31. bxc3 Rxe6 32. Rad1 Rce8 33. Rd2 Re1 34.
Rdf2 Rxf1+ 35. Rxf1 Qe7 36. Qf6+ Qxf6 37. Rxf6 Re4 38. Rxd6 Rxg4 39. Rd5 Ra4
40. Rd2 Kg7 41. Kg2 Kf6 42. Kf3 Ke5 43. Ke3 Rh4 44. Kd3 Kd5 45. Rg2 a4 46. Rg5+
Kd6 47. Rg2 Kc6 48. Kc2 Kc5 49. Kd3 Rh3+ 50. Kc2 h5 51. Rxg6 Rxh2+ 52. Kd3 Rh3+
53. Kd2 Kc4 54. Rc6+ Kd5 55. Ra6 Rh2+ 56. Kd3 Rh3+ 57. Kd2 Rh2+ 58. Kd3 Rh3+
1/2-1/2

[Event "II. CLANSKA LIGA ZAHOD 2023"]
[Site "Komenda"]
[Date "2023.11.25"]
[Round "6.2"]
[White "Srebrnic, Marko"]
[Black "Bulic, Josip"]
[Result "1/2-1/2"]
[WhiteElo "2366"]
[BlackElo "2236"]
[PlyCount "68"]
[EventDate "2023.11.25"]
[WhiteTeam "SD PIRAN"]
[BlackTeam "SD POSOCJE"]

1. e4 Nf6 2. e5 Nd5 3. d4 d6 4. Nf3 Bg4 5. Be2 e6 6. c4 Nb6 7. exd6 cxd6 8. O-O
Be7 9. Nc3 O-O 10. Be3 d5 11. c5 N6d7 12. b4 a6 13. a4 Nc6 14. Rb1 Bf6 15. h3
Bf5 16. b5 Na5 17. Rc1 h6 18. Bf4 Re8 19. Re1 Bg6 20. Bf1 Bh5 21. g4 Bg6 22.
Bg3 h5 23. Ne2 hxg4 24. hxg4 axb5 25. axb5 Rc8 26. Nf4 Be4 27. Bg2 g6 28. Qa4
Bxf3 29. Bxf3 Nc4 30. Rxc4 dxc4 31. Bxb7 Bxd4 32. Bxc8 Qxc8 33. Qxc4 Bxc5 34.
Rc1 Qb7 1/2-1/2

[Event "II. CLANSKA LIGA ZAHOD 2023"]
[Site "Komenda"]
[Date "2023.11.25"]
[Round "6.3"]
[White "Suc, Timothy"]
[Black "Biti, Ozren"]
[Result "1/2-1/2"]
[WhiteElo "2030"]
[BlackElo "2305"]
[PlyCount "73"]
[EventDate "2023.11.25"]
[WhiteTeam "SD PIRAN"]
[BlackTeam "SD POSOCJE"]

1. d4 d6 2. c4 e5 3. Nc3 exd4 4. Qxd4 Nc6 5. Qd2 Nf6 6. Nf3 Be6 7. e4 g6 8. b3
Bg7 9. Bb2 O-O 10. Bd3 Re8 11. O-O Ne5 12. Nd4 Bd7 13. Rae1 a6 14. f4 Nxd3 15.
Qxd3 c5 16. Nf3 Bc6 17. Rf2 Qa5 18. Nd5 Nxd5 19. cxd5 Bb5 20. Qb1 Bxb2 21. Qxb2
Bd3 22. e5 Bf5 23. Rd2 Qb4 24. g3 Rad8 25. Re3 Qb6 26. Kg2 c4 27. Nd4 dxe5 28.
Nxf5 gxf5 29. Rxe5 cxb3 30. axb3 Rxe5 31. fxe5 Qe3 32. Re2 Qd3 33. d6 Qd5+ 34.
Kg1 Qc5+ 35. Kg2 Qd5+ 36. Kg1 Qc5+ 37. Kg2 1/2-1/2

[Event "II. CLANSKA LIGA ZAHOD 2023"]
[Site "Komenda"]
[Date "2023.11.25"]
[Round "6.4"]
[White "Beletic, Danijel"]
[Black "Ribicic, Marko"]
[Result "1-0"]
[WhiteElo "2243"]
[BlackElo "1757"]
[PlyCount "61"]
[EventDate "2023.11.25"]
[WhiteTeam "SD POSOCJE"]
[BlackTeam "SD PIRAN"]

1. d4 d5 2. c4 e5 3. dxe5 d4 4. Nf3 Nc6 5. a3 a5 6. g3 h6 7. b3 Bc5 8. Bg2 Nge7
9. Nbd2 Bf5 10. O-O O-O 11. Ne1 Rb8 12. Nd3 Bxd3 13. exd3 Nxe5 14. Ne4 b6 15.
f4 N5c6 16. f5 f6 17. Bd2 Bd6 18. b4 axb4 19. Nxd6 Qxd6 20. axb4 Ne5 21. Be4 c5
22. Ra6 Qc7 23. Qa4 Nc8 24. Qa3 Re8 25. bxc5 bxc5 26. Ba5 Qe7 27. Re6 Qf8 28.
Bc7 Rb4 29. Bxe5 fxe5 30. Qa6 Kh8 31. f6 1-0

[Event "II. CLANSKA LIGA ZAHOD 2023"]
[Site "Komenda"]
[Date "2023.11.25"]
[Round "6.5"]
[White "Debevec, Katarina"]
[Black "Hozjan, Erik"]
[Result "1/2-1/2"]
[WhiteElo "1335"]
[BlackElo "1899"]
[PlyCount "59"]
[EventDate "2023.11.25"]
[WhiteTeam "SD PIRAN"]
[BlackTeam "SD POSOCJE"]

1. d4 f5 2. c4 Nf6 3. Nc3 e6 4. Nf3 Bb4 5. Bd2 O-O 6. e3 d6 7. Be2 Nc6 8. O-O
e5 9. dxe5 dxe5 10. a3 Bxc3 11. Bxc3 Qe7 12. Qc2 Ne4 13. Be1 g5 14. Nd2 Nf6 15.
c5 Be6 16. b4 Rad8 17. Nc4 Rd5 18. f3 f4 19. e4 Rd7 20. Bf2 a6 21. Rfe1 Rfd8
22. Rad1 Bf7 23. h3 Nd4 24. Bxd4 Rxd4 25. Rxd4 Rxd4 26. Rd1 Rxd1+ 27. Qxd1 Nd7
28. Nb2 Kf8 29. Bc4 Bxc4 30. Nxc4 1/2-1/2

[Event "II. CLANSKA LIGA ZAHOD 2023"]
[Site "Komenda"]
[Date "2023.11.25"]
[Round "6.6"]
[White "Zlatanovic, Marcus"]
[Black "Cvitkovic, Aljaz"]
[Result "1-0"]
[WhiteElo "1741"]
[BlackElo "1000"]
[PlyCount "97"]
[EventDate "2023.11.25"]
[WhiteTeam "SD POSOCJE"]
[BlackTeam "SD PIRAN"]

1. e4 d5 2. exd5 Nf6 3. Nf3 Qxd5 4. d4 Nc6 5. c4 Qe4+ 6. Be2 Bf5 7. Nc3 Qc2 8.
Qxc2 Bxc2 9. Bf4 O-O-O 10. d5 Nb4 11. a3 Nd3+ 12. Bxd3 Bxd3 13. Ne5 Bg6 14.
O-O-O Nd7 15. Nxg6 hxg6 16. Ne4 f6 17. Rhe1 f5 18. Ng5 Rh4 19. Bg3 Rxc4+ 20.
Kb1 f4 21. b3 Rc5 22. Bxf4 Nf6 23. Ne6 Nxd5 24. Nxc5 Nc3+ 25. Kc2 Rxd1 26. Rxd1
Nxd1 27. Kxd1 e5 28. Ne6 exf4 29. Nxf8 g5 30. Ne6 Kd7 31. Nxg5 Kd6 32. Ke2 Ke5
33. Kd3 Kd5 34. Nh3 f3 35. g3 Kc5 36. Ng1 b5 37. Nxf3 b4 38. a4 Kd5 39. Nd2 Ke5
40. Kc4 a5 41. Kd3 Kf5 42. h3 g5 43. Kc4 g4 44. hxg4+ Kxg4 45. Kb5 Kg5 46. Kxa5
c5 47. Kb5 c4 48. Kxc4 Kf6 49. a5 1-0

[Event "II. CLANSKA LIGA ZAHOD 2023"]
[Site "Komenda"]
[Date "2023.11.25"]
[Round "6.1"]
[White "Rozman, Mitja"]
[Black "Cimperman, Teo"]
[Result "1-0"]
[WhiteElo "1984"]
[BlackElo "1640"]
[PlyCount "73"]
[EventDate "2023.11.25"]
[WhiteTeam "DRUSTVO TOMO ZUPAN"]
[BlackTeam "SK KOMENDA"]

1. Nf3 Nf6 2. g3 g6 3. Bg2 Bg7 4. O-O O-O 5. c3 d5 6. d3 c5 7. Qc2 Nc6 8. e4 e6
9. Re1 Qc7 10. a4 b6 11. Na3 a6 12. Bf4 Qd7 13. Qe2 Bb7 14. e5 Ne8 15. h4 Nc7
16. h5 Ne7 17. Nh4 Rfd8 18. b3 Bc6 19. Bg5 Rab8 20. Nc2 b5 21. Qe3 bxa4 22.
Qxc5 Nc8 23. Nd4 Bb7 24. Rxa4 Re8 25. Ndf3 Bc6 26. Rg4 gxh5 27. Rb4 Bf8 28. Qe3
Rxb4 29. cxb4 Ne7 30. Bh6 Ng6 31. Bxf8 Rxf8 32. Qh6 f6 33. exf6 Rxf6 34. Ne5
Qe8 35. Qxh5 Nxe5 36. Qxe5 Qf7 37. Rc1 1-0

[Event "II. CLANSKA LIGA ZAHOD 2023"]
[Site "Komenda"]
[Date "2023.11.25"]
[Round "6.2"]
[White "Babarovic, Fran"]
[Black "Orel Music, Simona"]
[Result "1/2-1/2"]
[WhiteElo "1653"]
[BlackElo "1937"]
[PlyCount "98"]
[EventDate "2023.11.25"]
[WhiteTeam "SK KOMENDA"]
[BlackTeam "DRUSTVO TOMO ZUPAN"]

1. e4 c6 2. d4 d5 3. Nc3 dxe4 4. Nxe4 Nd7 5. Nf3 Ngf6 6. Bd3 Nxe4 7. Bxe4 Nf6
8. Qd3 Bg4 9. Ne5 Bh5 10. Nxc6 Qc7 11. Ne5 Nxe4 12. Qxe4 e6 13. Qh4 Bb4+ 14.
Bd2 Bxd2+ 15. Kxd2 Bg6 16. Nxg6 fxg6 17. Qe4 Qa5+ 18. c3 Qb6 19. Kc2 O-O 20. f3
Rac8 21. Rae1 Rc6 22. Re3 Rd8 23. Rd1 Qa5 24. a3 Qf5 25. Qxf5 gxf5 26. Re5 Kf7
27. g4 Kf6 28. Kd3 g6 29. h4 a6 30. g5+ Kf7 31. h5 gxh5 32. Rh1 Kg6 33. f4 h6
34. gxh6 Kxh6 35. Re2 Rg8 36. Reh2 Rg3+ 37. Kc2 Rb6 38. Rxh5+ Kg7 39. Rh7+ Kf8
40. Rh8+ Ke7 41. R1h7+ Kd6 42. Rd8+ Kc6 43. b4 a5 44. Re7 Kb5 45. Kb3 a4+ 46.
Kc2 Rg2+ 47. Kd3 Rg3+ 48. Kd2 Rg2+ 49. Kd3 Rg3+ 1/2-1/2

[Event "II. CLANSKA LIGA ZAHOD 2023"]
[Site "Komenda"]
[Date "2023.11.25"]
[Round "6.3"]
[White "Bobnar, Samo"]
[Black "Trpin, Alenka"]
[Result "1-0"]
[WhiteElo "1853"]
[BlackElo "1716"]
[PlyCount "69"]
[EventDate "2023.11.25"]
[WhiteTeam "DRUSTVO TOMO ZUPAN"]
[BlackTeam "SK KOMENDA"]

1. e4 c5 2. Nc3 d6 3. f4 Nc6 4. Nf3 a6 5. a4 Nf6 6. d3 h6 7. g3 e6 8. Bg2 Be7
9. O-O O-O 10. h3 d5 11. e5 Nd7 12. g4 Rb8 13. Ne2 b5 14. axb5 axb5 15. Ng3 Bb7
16. Qe2 c4 17. d4 Qb6 18. Be3 Ra8 19. f5 Rxa1 20. Rxa1 Ra8 21. Rxa8+ Bxa8 22.
h4 Qa7 23. c3 b4 24. Qd2 Qa1+ 25. Kh2 b3 26. Bxh6 Kh7 27. Bxg7 Kxg7 28. f6+
Nxf6 29. exf6+ Bxf6 30. Nh5+ Kf8 31. Nxf6 Ke7 32. g5 Qb1 33. h5 Nb8 34. h6 Nd7
35. h7 1-0

[Event "II. CLANSKA LIGA ZAHOD 2023"]
[Site "Komenda"]
[Date "2023.11.25"]
[Round "6.4"]
[White "Zagar, Katarina"]
[Black "Demsar, Maks"]
[Result "0-1"]
[WhiteElo "1157"]
[BlackElo "1532"]
[PlyCount "42"]
[EventDate "2023.11.25"]
[WhiteTeam "SK KOMENDA"]
[BlackTeam "DRUSTVO TOMO ZUPAN"]

1. d4 Nf6 2. c4 c5 3. d5 b5 4. cxb5 a6 5. bxa6 Bxa6 6. Nc3 g6 7. e4 Bxf1 8.
Kxf1 d6 9. g3 Bg7 10. Kg2 O-O 11. f4 Nbd7 12. Nf3 Qa5 13. Qc2 Rfb8 14. Nd2 Qa6
15. b3 Nb6 16. Bb2 Ng4 17. Rhe1 Bd4 18. Nd1 Rc8 19. Bxd4 cxd4 20. Qb2 Qd3 21.
Nf3 Rc2+ 0-1

[Event "II. CLANSKA LIGA ZAHOD 2023"]
[Site "Komenda"]
[Date "2023.11.25"]
[Round "6.5"]
[White "Smirnov, Maksim"]
[Black "Perme, Stanko"]
[Result "1-0"]
[WhiteElo "1491"]
[BlackElo "1033"]
[PlyCount "81"]
[EventDate "2023.11.25"]
[WhiteTeam "DRUSTVO TOMO ZUPAN"]
[BlackTeam "SK KOMENDA"]

1. d4 g6 2. Bf4 Bg7 3. c3 d6 4. Nf3 Nf6 5. e3 Nbd7 6. h3 Nh5 7. Bh2 Nb6 8. a4
O-O 9. a5 Nd7 10. Be2 Re8 11. O-O Nhf6 12. Nbd2 e5 13. dxe5 Nxe5 14. Nxe5 dxe5
15. Nc4 Nd5 16. Qc2 Qg5 17. Bf3 Be6 18. Nd2 f5 19. c4 Ne7 20. Bxb7 Rab8 21. a6
f4 22. Nf3 Qf6 23. exf4 exf4 24. Rac1 g5 25. Rfe1 Ng6 26. Qe4 Kh8 27. Qc6 Re7
28. Rcd1 Rbe8 29. Qc5 g4 30. hxg4 Bxg4 31. Rxe7 Nxe7 32. Re1 Bxf3 33. Bxf3 Bf8
34. Qe5 Bg7 35. Qxf6 Bxf6 36. Bxf4 Rb8 37. Bxc7 Rxb2 38. Bd8 Ng8 39. Re8 Bxd8
40. Rxd8 Kg7 41. Rd7+ 1-0

[Event "II. CLANSKA LIGA ZAHOD 2023"]
[Site "Komenda"]
[Date "2023.11.25"]
[Round "6.6"]
[White "Perme, Lojze"]
[Black "Rogelj, Tomaz"]
[Result "0-1"]
[WhiteElo "1053"]
[BlackElo "1765"]
[PlyCount "44"]
[EventDate "2023.11.25"]
[WhiteTeam "SK KOMENDA"]
[BlackTeam "DRUSTVO TOMO ZUPAN"]

1. e4 c6 2. d4 d5 3. exd5 cxd5 4. Nf3 Nc6 5. Bf4 Bg4 6. Be2 e6 7. O-O Nf6 8. a3
Qb6 9. b3 Bxf3 10. Bxf3 Qxd4 11. Qxd4 Nxd4 12. Bd1 Be7 13. Nc3 O-O 14. Ne2 Nf5
15. Ng3 Nd4 16. Be5 Nc6 17. Re1 Rac8 18. Bh5 Nxe5 19. Rxe5 Rxc2 20. b4 Bd6 21.
Bd1 Bxe5 22. Rb1 Rc3 0-1

[Event "II. CLANSKA LIGA ZAHOD 2023"]
[Site "Komenda"]
[Date "2023.11.25"]
[Round "6.1"]
[White "Bajzelj, Primoz"]
[Black "Bratovic, Blaz"]
[Result "1/2-1/2"]
[WhiteElo "2027"]
[BlackElo "2350"]
[PlyCount "48"]
[EventDate "2023.11.25"]
[WhiteTeam "SD RADOVLJICA"]
[BlackTeam "SD GORENJKA LESCE"]

1. d4 f5 2. Nf3 Nf6 3. Bg5 e6 4. Nbd2 Be7 5. Bxf6 Bxf6 6. e4 d5 7. e5 Be7 8.
Bd3 c5 9. c3 O-O 10. O-O Bd7 11. dxc5 Bxc5 12. Qe2 Be8 13. Nb3 b6 14. Nbd4 Bd7
15. Bb5 h6 16. Bxd7 Qxd7 17. Qb5 Qf7 18. b3 a6 19. Qd3 Be7 20. c4 Rd8 21. cxd5
Rxd5 22. Qc3 g5 23. Qc8+ Rd8 24. Qc7 Nd7 {nejasno (40)} 1/2-1/2

[Event "II. CLANSKA LIGA ZAHOD 2023"]
[Site "Komenda"]
[Date "2023.11.25"]
[Round "6.2"]
[White "Mencinger, Vojko"]
[Black "Prestrl, Jozef"]
[Result "1-0"]
[WhiteElo "2296"]
[BlackElo "1797"]
[PlyCount "61"]
[EventDate "2023.11.25"]
[WhiteTeam "SD GORENJKA LESCE"]
[BlackTeam "SD RADOVLJICA"]

1. e4 c6 2. d4 d5 3. e5 Bf5 4. h3 h6 5. g4 Bc8 6. h4 b6 7. Be3 e6 8. f4 Be7 9.
Nf3 Qc7 10. b3 Nd7 11. Bd3 c5 12. c3 Bb7 13. Kf2 O-O-O 14. Qe2 Kb8 15. a4 a5
16. Rc1 Rc8 17. Na3 Qd8 18. Nb5 Bc6 19. Kg3 Bxb5 20. axb5 Kb7 21. c4 Bf8 22.
cxd5 exd5 23. Bd2 Ra8 24. Bf5 Ne7 25. Bxd7 Qxd7 26. dxc5 bxc5 27. Bxa5 Nc8 28.
Bc3 Nb6 29. Rxa8 Nxa8 30. Ra1 Be7 31. Qa2 1-0

[Event "II. CLANSKA LIGA ZAHOD 2023"]
[Site "Komenda"]
[Date "2023.11.25"]
[Round "6.3"]
[White "Simnic, Franci"]
[Black "Petek, Primoz"]
[Result "1-0"]
[WhiteElo "1685"]
[BlackElo "2113"]
[PlyCount "57"]
[EventDate "2023.11.25"]
[WhiteTeam "SD RADOVLJICA"]
[BlackTeam "SD GORENJKA LESCE"]

1. d4 d5 2. c4 Nc6 3. cxd5 Qxd5 4. e3 e5 5. Nc3 Bb4 6. Bd2 Bxc3 7. bxc3 Nf6 8.
c4 Qd6 9. d5 Nb8 10. Qa4+ Nfd7 11. Bb4 c5 12. dxc6 Qxc6 13. Qc2 Na6 14. Ba3
Nac5 15. Nf3 O-O 16. Be2 Re8 17. O-O Nf8 18. h3 Qc7 19. Rfd1 b6 20. Rd2 Bb7 21.
Rad1 Rac8 22. Qf5 Be4 23. Qg4 f5 24. Qg3 Qe7 25. Ng5 h6 26. Bxc5 Qxc5 27. Nf3
Qe7 28. Nh4 Qf6 29. Bd3 {nejasno (60)} 1-0

[Event "II. CLANSKA LIGA ZAHOD 2023"]
[Site "Komenda"]
[Date "2023.11.25"]
[Round "6.4"]
[White "Pavlin, Damijan"]
[Black "Kocevar, Tugomir"]
[Result "1-0"]
[WhiteElo "1926"]
[BlackElo "1720"]
[PlyCount "93"]
[EventDate "2023.11.25"]
[WhiteTeam "SD GORENJKA LESCE"]
[BlackTeam "SD RADOVLJICA"]

1. Nf3 Nf6 2. c4 c5 3. g3 Nc6 4. Bg2 g6 5. b3 Bg7 6. Bb2 O-O 7. O-O Ne8 8. Bxg7
Nxg7 9. d4 cxd4 10. Nxd4 Nxd4 11. Qxd4 d6 12. Nc3 Ne6 13. Qd2 Rb8 14. e4 b6 15.
Rad1 Bb7 16. Qe2 Qc8 17. Rfe1 Qc5 18. Nd5 Rbe8 19. h4 Ng7 20. e5 Bxd5 21. Rxd5
Qc7 22. Red1 dxe5 23. Rd7 Qc5 24. R1d5 Qa3 25. Rxe5 e6 26. Re3 Rd8 27. Red3
Rxd7 28. Rxd7 h5 29. Qd2 Nf5 30. Bf3 Qc5 31. Kg2 a5 32. Be4 Rb8 33. Bxf5 Qxf5
34. Rd8+ Rxd8 35. Qxd8+ Kg7 36. Qxb6 g5 37. hxg5 Qxg5 38. Qd4+ e5 39. Qe3 Qf5
40. c5 f6 41. c6 Qc8 42. Qa7+ Kg6 43. Qb7 Qg4 44. Qd7 Qe2 45. c7 e4 46. c8=Q
Qf3+ 47. Kg1 1-0

[Event "II. CLANSKA LIGA ZAHOD 2023"]
[Site "Komenda"]
[Date "2023.11.25"]
[Round "6.5"]
[White "Krivec, Metod"]
[Black "Kocjancic, Luka"]
[Result "0-1"]
[WhiteElo "1773"]
[BlackElo "1288"]
[PlyCount "76"]
[EventDate "2023.11.25"]
[WhiteTeam "SD RADOVLJICA"]
[BlackTeam "SD GORENJKA LESCE"]

1. d4 d5 2. c4 e6 3. Nf3 Nf6 4. Nc3 c6 5. Qc2 Nbd7 6. e3 Bd6 7. Bd3 O-O 8. O-O
Re8 9. Rd1 Qe7 10. h3 e5 11. dxe5 Nxe5 12. Nxe5 Qxe5 13. f4 Qh5 14. Be2 Qh4 15.
cxd5 cxd5 16. Nxd5 Ne4 17. Bf3 Bf5 18. Bxe4 Rxe4 19. Qf2 Qh6 20. g4 Bd7 21. Qf3
Rae8 22. Nc3 Rc4 23. g5 Qe6 24. Qf1 b5 25. a3 Bc5 26. Re1 Bc6 27. Kh2 Bd6 28.
Rd1 Bc5 29. Re1 Rd8 30. Kg3 Qf5 31. h4 Bd7 32. Kg2 Qg4+ 33. Kh2 Qxh4+ 34. Kg1
h6 35. Ne2 hxg5 36. b4 Bb6 37. Qg2 Bc6 38. Qh2 Qxe1# 0-1

[Event "II. CLANSKA LIGA ZAHOD 2023"]
[Site "Komenda"]
[Date "2023.11.25"]
[Round "6.6"]
[White "Kelbl, Jakob"]
[Black "Torkar, Boris"]
[Result "0-1"]
[WhiteElo "1500"]
[BlackElo "1783"]
[PlyCount "66"]
[EventDate "2023.11.25"]
[WhiteTeam "SD GORENJKA LESCE"]
[BlackTeam "SD RADOVLJICA"]

1. e4 e6 2. d4 d5 3. exd5 exd5 4. Bd3 Bd6 5. Ne2 Nf6 6. Bf4 Bg4 7. f3 Bh5 8.
O-O O-O 9. Nbc3 c6 10. Qd2 Re8 11. Bxd6 Qxd6 12. Nf4 Bg6 13. Nxg6 hxg6 14. Rae1
Nbd7 15. Rxe8+ Rxe8 16. Re1 Rxe1+ 17. Qxe1 Qb4 18. Qe3 Qxb2 19. Nd1 Qxa2 20.
Kf2 Qa3 21. g4 Qd6 22. Kg2 Qf8 23. g5 Nh5 24. f4 Qb8 25. Kf3 Nf8 26. Nf2 a5 27.
h4 a4 28. Bf1 a3 29. Qxa3 Qxf4+ 30. Ke2 Ng3+ 31. Ke1 Nxf1 32. Kxf1 Qxd4 33. Qb3
Qc4+ 0-1